000 00667nam a2200277Ia 4500
005 20260324145746.0
008 008 260324s9999 xx 000 0 eng d
020 _a9781351183468
037 _aEBOOK
040 _aCRL
040 _beng
040 _cCRL
041 _2eng
041 _aeng
084 _qCRL
100 _aDavid E. E. Sloane
_91214270
245 0 _aRoutledge Revivals: Mark Twain as a Literary Comedian (1979)
260 _bTaylor and Francis
260 _c1979
365 _a
365 _b205
856 _uhttp://www.taylorfrancis.com/books/9781351183468
942 _cEBOOK
999 _c1832444
_d1832444